Erraten Sie die Fußballer anhand ihrer Karrierewege #5 - Statistiken

Allgemein
  • Dieses Quiz wurde 111 mal gespielt
  • Das Durchschnittsergebnis liegt bei 3 aus 10
Antwortstatistiken
Spieler Fußballvereine % Korrekt
Michael Ballack
89%
Robin van Persie
73%
Ferenc Puskás
38%
Peter Schmeichel
26%
Lev Yashin
18%
Gennaro Gattuso
17%
Ashley Cole
16%
Lilian Thuram
14%
Pep Guardiola
11%
Daniel Passarella
0%
Keine übereinstimmenden Quizze gefunden
Verteilung der Resultate
Anzahl Personen mit jedem Resultat
Perzentil nach korrekt beantworteten Fragen
Ihre Resultats-Entwicklung
Sie haben dieses Quiz noch nicht gespielt